[Event "Hamilton The Collie Cup"]
[Site "Hamilton"]
[Date "2016.12.13"]
[Round "4"]
[White "Simmons, Carlton"]
[Black "Gontcharov, Serguei"]
[Result "0-1"]
[WhiteElo "1400"]
[BlackElo "1724"]
[PlyCount "96"]
[EventDate "2016.11.22"]
[EventType "swiss"]
[EventRounds "6"]
[EventCountry "BER"]
[SourceTitle "EXT 2024"]
[Source "ChessBase"]
[SourceDate "2023.10.10"]
[SourceVersion "1"]
[SourceVersionDate "2023.10.10"]
[SourceQuality "1"]

1. d4 Nf6 2. c4 e5 3. e3 Bb4+ 4. Nc3 exd4 5. exd4 0-0 6. Nf3 Re8+ 7. Be2 Qe7 8. Bg5 d6 9. Nd2 c6 10. Rc1 Bf5 11. a3 Ba5 12. b4 Bb6 13. c5 Bc7 14. 0-0 Nbd7 15. Bf3 d5 16. Re1 Qxe1+ 17. Qxe1 Rxe1+ 18. Rxe1 Re8 19. Ne2 h6 20. Bh4 Bd3 21. Kf1 g5 22. Bg3 Bxg3 23. hxg3 g4 24. Bxd5 Nxd5 25. Nb3 Nc3 26. Nbc1 Bc4 27. f3 Nf6 28. Kf2 Nxe2 29. Nxe2 Rxe2+ 30. Rxe2 Bxe2 31. Kxe2 gxf3+ 32. gxf3 Nd5 33. Kd3 Kg7 34. Ke4 Kf6 35. Kd3 Kf5 36. Kd2 Nc7 37. Kd3 a6 38. Kc4 h5 39. Kb3 Kg5 40. Ka4 h4 41. gxh4+ Kxh4 42. Ka5 Nd5 43. a4 Kg3 44. b5 axb5 45. axb5 cxb5 46. Kxb5 Kxf3 47. c6 bxc6+ 48. Kxc6 Ke4 0-1

[Event "Hamilton The Collie Cup"]
[Site "Hamilton"]
[Date "2016.11.22"]
[Round "1"]
[White "Alban, Curtis"]
[Black "Simmons, Carlton"]
[Result "0-1"]
[WhiteElo "1400"]
[BlackElo "1400"]
[PlyCount "76"]
[EventDate "2016.11.22"]
[EventType "swiss"]
[EventRounds "6"]
[EventCountry "BER"]
[SourceTitle "EXT 2024"]
[Source "ChessBase"]
[SourceDate "2023.10.10"]
[SourceVersion "1"]
[SourceVersionDate "2023.10.10"]
[SourceQuality "1"]

1. e4 d6 2. c4 Nc6 3. a3 f5 4. Nc3 Nf6 5. d3 fxe4 6. Bg5 exd3 7. Bxd3 Be6 8. f3 Qd7 9. Be3 Ne5 10. Be2 Bxc4 11. Bd4 Bxe2 12. Ngxe2 Nc6 13. f4 Nxd4 14. Nxd4 a6 15. Nce2 Ne4 16. Qd3 Nc5 17. Qf5 e6 18. Qh5+ g6 19. Qf3 0-0-0 20. b4 Na4 21. Rb1 c5 22. Nb3 c4 23. Na5 d5 24. 0-0 Bd6 25. Nd4 Rdf8 26. b5 Bc5 27. Rfd1 axb5 28. g3 e5 29. Qe3 exf4 30. gxf4 Re8 31. Qd2 Rhf8 32. Rf1 Re4 33. Rf2 Bxd4 34. Nxc4 dxc4 35. Qa5 Qg4+ 36. Kh1 Qf3+ 37. Kg1 Bxf2+ 38. Kf1 Qe2+ 0-1